000 00890cam a2200301 4500
001 ABS64238
008 010803n2001 000 0 eng u
035 _a(Sirsi) u113930
245 _aFocus 2001: Somerset, Devon and Cornwall
260 _c2001
490 _aEstates Gazette
_v(0129) 21 July 2001, 67-87(11)
590 _aABS
650 _aSOMERSET
650 _aDEVON
650 _aCORNWALL
650 _aOBJECTIVE 1 FUNDING
650 _aOFFICE SUPPLY
650 _aREGENERATION
650 _aINDUSTRIAL MARKET
650 _aPROPERTY-COMMERCIAL PROPERTY-RETAIL PROPERTY-RETAIL PROPERTY MARKET
650 _aPROPERTY-COMMERCIAL PROPERTY-OFFICE PROPERTY-OFFICE PROPERTY MARKET
650 _aTOURISM
650 _aTAUNTON
650 _aSHOPPING CENTRES
650 _aSOUTH WEST
690 _aPROPERTY-COMMERCIAL PROPERTY-COMMERCIAL PROPERTY MARKET
942 _n0
999 _c67886
_d67886